书目信息 |
| 题名: |
名人演讲辞精萃
|
|
| 作者: | 仲金留 编 | |
| 分册: | ||
| 出版信息: | 桂林 漓江出版社 1992.06 |
|
| 页数: | 467页 | |
| 开本: | 32开 | |
| 丛书名: | ||
| 单 册: | ||
| 中图分类: | H15 | |
| 科图分类: | ||
| 主题词: | 汉语--写作 , 汉语--修辞 | |
| 电子资源: | ||
| ISBN: | 7-5407-0003-3 | |
| 000 | 00553nam0 2200205 45 | |
| 001 | 0006121764 | |
| 005 | 20000612174139.1 | |
| 010 | @a7-5407-0003-3 | |
| 100 | @a20000612d1992 km y0chiy0120 ea | |
| 101 | 0 | @achi |
| 105 | @a z 000yy | |
| 200 | 1 | @a名人演讲辞精萃@AMing Ren Yan Jiang Ci Jing Cui@f仲金留编@FZhong Jin Liu Bian |
| 210 | @a桂林@c漓江出版社@d1992.06 | |
| 215 | @a467页@d32开 | |
| 606 | 0 | @a汉语@x写作 |
| 606 | 0 | @a汉语@x修辞 |
| 690 | @aH15@v3 | |
| 701 | 0 | @a仲金留@4编 |
| 801 | @aCN@bPftUser@c20000612 | |
| 905 | @b203881@dH15@eS169@f1 | |
| 名人演讲辞精萃/仲金留编.-桂林:漓江出版社,1992.06 |
| 467页;32开 |
| ISBN 7-5407-0003-3: |
| ● |
| 相关链接 |
|
|
|
正题名:名人演讲辞精萃
索取号:H15/S169
 
预约/预借
| 序号 | 登录号 | 条形码 | 馆藏地/架位号 | 状态 | 备注 |
| 1 | 203881 | 202038810 | 语言库209/ [索取号:H15/S169] | 在馆 |